00585nam a2200205 a 4500001001300000003000900013005001700022008004100039020002300080082001700103100002100120245007000141260003500211300000900246500003500255505001700290650002300307650002800330700002100358nice12345678IN_TiNIC20260116012257.0050524s1984 vena grp 000 0 eng  a0830717 c10000a261.873bBER aBernbaum, John A aPerspectives on Peacemakingb Biblical Options in the Nuclear Age aVentura, CAbRegal Booksc1984 a265p aincludes index and biblioraphy2 aBibliography aPeace-Christianity aPeace-Religious Aspects1 aBernbaum, John A